000
00288pab a2200121 454500
008
180718b xxu||||| |||| 00| 0 eng d
100
_a
Ratnam, R.
245
_a
Much depends on work culture
650
_a
Work Culture
650
_a
Management
773
_a
Financial Express
909
_a
23481
999
_c
23481
_d
23481